| Поле | Инд. | ПП | Название | Значение |
|---|---|---|---|---|
| Тип записи | a | |||
| Библиографический уровень | m | |||
| 001 | Контрольный номер | 2a92fb2c5c4548e3a60506201d6e8488 | ||
| 005 | Дата корректировки | 20210127084359.0 | ||
| 008 | Кодируемые данные | 160713|||||||||ru |||||||||||||||||rus|| | ||
| 020 | a | ISBN | 978-5-4444-0700-4 | |
| 041 | 0_ | a | Код языка текста | rus |
| 084 | a | Индекс другой классификации/Индекс ББК | 63.5 | |
| 090 | a | Полочн. индекс | 63.5 | |
| x | Авторский знак | Р 33 | ||
| 100 | 1_ | a | Автор | Редько А. П. |
| 245 | 10 | a | Заглавие | Тибетский гамбит |
| 260 | a | Место издания | Москва | |
| b | Издательство | Вече | ||
| c | Дата издания | 2013 | ||
| 300 | a | Объем | 286, [1] с. | |
| 440 | _0 | a | Серия | Великие тайны истории |
| 650 | 04 | a | Основная рубрика | Этнография-Тибетский гамбит |
| 651 | _4 | a | Географическое наименование | Тибет |
| 653 | 0_ | a | Ключевые слова | Тибетский гамбит; Шаманство; Этнография |
| 901 | t | Тип документа | m |